Gimme Five: European Cities Quiz Stats

 Plays Quiz Updated Apr 5, 2018

Challenge
Share
Tweet
Embed
Score 0/20 Timer 03:00
6 Plays Today
Five Words City % Correct
Colosseum, Caligula, Quirinal, Trevi, PantheonRome
94%
Champs-Élysées, Bastille, Eiffel, Triomphe, SorbonneParis
93.2%
Hellenic, Acropolis, Lyceum, Plato, ParthenonAthens
92.3%
Frederick, Spree, Gendarmenmarkt, Reichstag, WallBerlin
90.8%
Ben, Tower, Buckingham, Tussaud, UndergroundLondon
90.5%
Polo, Vivaldi, Gondola, Floating, CanalsVenice
87.5%
Spasskaya, Tsar, Bolshoi, Red, KremlinMoscow
87.3%
Liffey, Guinness, Joyce, Donnybrook, TrinityDublin
84.9%
Atocha, Real, Almudena, Prado, TorosMadrid
83.2%
Damrak, Amstel, Vondelpark, Frank, CannabisAmsterdam
83%
Five Words City % Correct
Frauenkirche, Odeonsplatz, BMW, Oktoberfest, StraussMunich
71.5%
Drottningholm, Mälaren, Ericsson, Nobel, SyndromeStockholm
70.9%
United, Irwell, Oasis, Hollies, WhitworthManchester
67.8%
Pact, Wianki, Wielki, Ostrogski, ChopinWarsaw
63.5%
Atomium, Cinquantenaire, Waffles, Godiva, ManifestoBrussels
61.3%
Matthias, Bartok, Liszt, Magyars, DanubeBudapest
52.5%
Belem, Tagus, Gulbenkian, Benfica, OlissipoLisbon
42.2%
Gediminas, Neris, Vilnia, Vingis, SereikiškėsVilnius
33.2%
Faxafloi, Hallgrímskirkja, Tjornin, Laugavegur, PerlanReykjavik
29.9%
Kunsthaus, Limmat, Grossmünster, Dada, JungZurich
19.3%

You're not logged in!

Compare scores with friends on all Sporcle quizzes.
OR
Log In

You Might Also Like...

Show Comments

Extras

Top Quizzes Today


Score Distribution

Your Account Isn't Verified!

In order to create a playlist on Sporcle, you need to verify the email address you used during registration. Go to your Sporcle Settings to finish the process.

Report this User

Report this user for behavior that violates our Community Guidelines.

Details: